K pojetí veřejného sektoru a podmínkám jeho efektivnosti
Principiálne otázky existencie a funkcie verejného sektora. Kategória štátu a jeho ekonomická a sociálna funkcia. Zdrojový charakter verejného sektora. Teórie sociálneho štátu. Podmienky efektívnosti verejného sektora. Voľba verejná.
Salvato in:
| Autore principale: | |
|---|---|
| Natura: | Capitolo di libro |
| Lingua: | ceco |
| Soggetti: | |
| Tags: |
Nessun Tag, puoi essere il primo ad aggiungerne!!
|
MARC
| LEADER | 00000naa a2200000 4500 | ||
|---|---|---|---|
| 001 | r025600 | ||
| 005 | 20230922102441.3 | ||
| 041 | 0 | |a cze | |
| 044 | |a CZ | ||
| 245 | 1 | 0 | |a K pojetí veřejného sektoru a podmínkám jeho efektivnosti |c Y. Strecková |
| 520 | |a Principiálne otázky existencie a funkcie verejného sektora. Kategória štátu a jeho ekonomická a sociálna funkcia. Zdrojový charakter verejného sektora. Teórie sociálneho štátu. Podmienky efektívnosti verejného sektora. Voľba verejná. | ||
| 610 | 2 | 0 | |a sektor verejný |
| 610 | 2 | 0 | |a voľba verejná |
| 610 | 2 | 0 | |a štát |
| 610 | 2 | 0 | |a organizácie rozpočtové |
| 610 | 2 | 0 | |a organizácie verejnoprospešné |
| 610 | 2 | 0 | |a statky verejné |
| 610 | 2 | 0 | |a Česko |
| 610 | 2 | 0 | |a potreby spoločenské |
| 100 | 1 | |a Strecková, Yvonne | |